Регионална библиотека "Любен Каравелов" - Русе

Околен свят за ІІ клас (Запис номер 109487)

MARC детайли
000 -Лидер
Контролно поле с фиксирана дължина 02141nam a2200445 a 4500
003 - Код на организацията, давaща контролен номер
Контролно поле BLK
005 - Дата и час на последна редакция
Контролно поле 20240320110525.0
008 - Елементи от данни с фиксирана дължина
fixed length control field 180409b bul|||||r ||||||| ||bul||
010 ## - Наследен системен номер
LC control number KNG00114804000
020 ## - Международен стандартен номер на книга ISBN
Международен стандартен номер на книга ISBN 954-01-1431-4
040 ## - Източник на каталожния запис
Идентификатор на билиотеката - собственик на записа BLK
041 ## - Код за език
Код за езика на текст/звукозапис или на отделно заглавие Български
Код за езика КДБФ Български
080 ## - УДК
Текстов определител УДК Родинознание
УДК код - определител по УДК 372.48
УДК определител (075.2)
УДК - код + определител 372.48(075.2)
080 ## - УДК
Текстов определител УДК Методика по природознание
УДК код - определител по УДК 372.850.2
УДК определител (075.2)
УДК - код + определител 372.850.2(075.2)
080 ## - УДК
Текстов определител УДК Организация на възпитанието и образованието. Училищно дело.
УДК код - определител по УДК 37.09
УДК определител .035(075.2)
УДК - код + определител 37.09.035(075.2)
100 1# - Редна дума - Автор
Автор Василева, Емилия Любомирова
Дати, свързани с автора 1948 -
Автор - информация (биография) Педагог. Автор на поезия
R(LIN) 46132
139 ## - Редно поле
Редна дума Василева, Емилия Любомирова и др.
Авторски знак Васи - В 24
245 10 - Сведения за заглавието
Заглавие Околен свят за ІІ клас
Редно поле (дума) Емилия Любомирова Василева; съавт. Силвия Илиева Цветанска.
257 ## - Страна на издаване
Страна на създаване/издаване България
260 ## - Област на издателските данни
Име на издателя, разпространителя и проч. Просвета
Година на издаване 2003 -
Печатница Русе : Дунав прес
Място на издаване, разпространение и проч. София
300 ## - Физическа характеристика
Страници 64 с.
Илюстрации и др. с цв. ил.
Размери/Мащаб 26 см
380 ## - Жанр
Жанр Обществени науки
500 ## - Общи забележки
Забележка Авт. не са отбелязани на кор. - Офс. изд.
650 #4 - Допълнително описание по предмет – тема
Основно описание – тема или топоним Родинознание - учебници за основни училища
9 (RLIN) 242510
650 #4 - Допълнително описание по предмет – тема
Основно описание – тема или топоним Природознание - тестове - учебници за основни училища
9 (RLIN) 242378
650 #4 - Допълнително описание по предмет – тема
Основно описание – тема или топоним Гражданско образование - учебници
9 (RLIN) 246377
653 ## - Ключова дума – ненормативна
Ключова дума родинознание
653 ## - Ключова дума – ненормативна
Ключова дума природознание
653 ## - Ключова дума – ненормативна
Ключова дума гражданско образование
653 ## - Ключова дума – ненормативна
Ключова дума ІІ кл.
653 ## - Ключова дума – ненормативна
Ключова дума учебници за основни училища
700 1# - Други автори (авторска отговорност)
Лично име Цветанска, Силвия Илиева
Автороска отговорност (Описва отношението между автора и произведението) съавт.
9 (RLIN) 139464
852 ## - Местоположение
Форматна сигнатура Цб ІІ 12771
856 4# - Електронен адрес и достъп
Електронен формат pdf - файл
856 4# - Електронен адрес и достъп
Електронен формат pdf - файл
999 ## - СИСТЕМНИ КОНТРОЛНИ НОМЕРА
Koha biblionumber 109487
Koha biblioitemnumber 109487
942 ## - АРТИКУЛИ
Вид на библиотечния материал Книги
Скрит в OPAC Не
Периодичен библиозапис Да
Koha issues (borrowed), all copies 1
944 ## - СЪЗДАВАНЕ И РЕДАКЦИЯ на ЗАПИСА
Създаване/Редакция Създаване
Дата на регистрацията/редакция 26.08.2004
Статус, дата на статуса Геновева Генчева
Служител, извършил регистрацията/редакцията 30560
944 ## - СЪЗДАВАНЕ И РЕДАКЦИЯ на ЗАПИСА
Създаване/Редакция Редакция
Дата на регистрацията/редакция 01.04.2018
Статус, дата на статуса ф /
Служител, извършил регистрацията/редакцията Виолета_Тройчева
999 ## - СИСТЕМНИ КОНТРОЛНИ НОМЕРА
Koha biblioitemnumber 109487
Наличности
Код за отписване Код за изгубен артикул Източник на класификационната схема Код за повреда Коз за рестрикции Код за отдаване Артикулен № Име на библиотеката - собственик Име на библиотеката, в която се намира в момента Статус (Текущо местоположение) Дата на вписване в системата Местоположение - отдел Цена в лева Инвентарен номер Систематично азбучна сигнатура Баркод Номер на екземпляра Цена в евро Служебна бележка Служебен тип на артикула
  Не е изгубен Universal Decimal Classification Не е повреден само за читалня ползва се в читалня 176344 Регионална библиотека "Любен Каравелов" Русе Регионална библиотека "Любен Каравелов" Русе Хранилище 2004-08-26 Хранилище 5.50 120000687943 Цб ІІ 12771 120000687943 1 2.81 Дост: Dp Вид: Д N: 45 Дата: 29.10.2003 Книги
  Не е изгубен Universal Decimal Classification Не е повреден без рестрикции заемане за дома 176345 Регионална библиотека "Любен Каравелов" Русе Регионална библиотека "Любен Каравелов" Русе Детски отдел 2014-01-07 Детски отдел 5.50 120000773088 ДН 373.3.016:9/В 24 Е 120000773088 2 2.81 Дост: DA Вид: А N: 1 Дата: 07.01.2014 Дата инв: 21.08.2015 Бележки инв: Д2015 Книги
Vip Innovations Ltd, Rousse, Bulgaria 2025